00378nam a22001337a 450000500170000000800410001702000150005804000130007308200230008610000170010924500640012626000430019030000110023320150318102223.0150318b xxu||||| |||| 00| 0 eng d a0195773403 cPK-LaUMT aKHC 954.035bHOD-G aHodson, H.V. aThe great dividebBritain - India - Pakistan cH.V. Hodson  aKarachibOxford University Pressc1985 a590 p.